| 000 | 00965cam a2200289 u 4500 | ||
|---|---|---|---|
| 003 | UPN | ||
| 005 | 20221107114409.0 | ||
| 008 | 190827s2010 mx db fr 000 0 spa d | ||
| 020 | _a9786070217418 | ||
| 035 | _aUPN01000232463 | ||
| 040 |
_aMX-MxUPN _bspa _cMX-MxUPN |
||
| 049 | _aCG | ||
| 050 | 4 |
_aE99 K4 _bM34 2010 |
|
| 100 | 1 |
_aMager Hois, Elisabeth A. _943188 |
|
| 245 | 1 | 0 |
_aCasinos y poder : _bel caso del Kickapoo Lucky Eagle Casino |
| 250 | _aPrimera edición | ||
| 260 |
_aMéxico : _bUNAM, Centro de Investigaciones sobre América del Norte : _c2010. |
||
| 300 |
_a253 paginas : _bgráficas, mapas |
||
| 530 | _aTambién disponible en línea. | ||
| 610 | 2 | 4 |
_aKickapoo Lucky Eagle Casino _927818 |
| 650 | 0 |
_aKikapus _zTexas, Estados Unidos _xCondiciones sociales _927817 |
|
| 856 | 4 | 0 | _uhttps://ru.micisan.unam.mx/handle/123456789/16677 |
| 902 | _bVíctorGodínez/071122/M | ||
| 905 | _aLibro | ||
| 942 |
_2lcc _cLIBRO |
||
| 999 |
_c204558 _d204558 |
||